[Event "Oakville Winter op"]
[Site "Oakville CAN"]
[Date "2018.02.03"]
[Round "3.1"]
[White "Vettese, Nicholas"]
[Black "Cormier, Adam"]
[Result "0-1"]
[WhiteElo "2305"]
[BlackElo "2128"]
[PlyCount "61"]
[GameId "2160767908266744"]
[EventDate "2018.02.02"]
[EventType "swiss"]
[EventRounds "5"]
[EventCountry "CAN"]

1. e4 c5 2. Nf3 d6 3. d4 cxd4 4. Nxd4 Nf6 5. Nc3 a6 6. Nb3 e5 7. Bg5 Be6 8. Bxf6 Qxf6 9. Nd5 Qd8 10. c3 g6 11. h4 h5 12. g3 Bh6 13. Bh3 O-O 14. Qd3 Nd7 15. Ne3 Nf6 16. Rd1 Bxh3 17. Rxh3 Qd7 18. Rh1 Rad8 19. Nd5 Nh7 20. Kf1 f5 21. exf5 gxf5 22. Qc4 Kh8 23. Qc7 Qe6 24. Qe7 Qg6 25. Nc7 f4 26. gxf4 Qg4 27. Rd2 Rd7 28. Qe6 Rxc7 29. Qxd6 Rg7 30. Qxh6 Qg2+ 31. Ke1 0-1

[Event "Ontario-ch U20"]
[Site "Mississauga CAN"]
[Date "2018.01.27"]
[Round "2.1"]
[White "Vettese, Nicholas"]
[Black "Ning, Eric"]
[Result "1-0"]
[WhiteElo "2295"]
[BlackElo "1973"]
[PlyCount "57"]
[GameId "2160767908266756"]
[EventDate "2018.01.27"]
[EventType "swiss"]
[EventRounds "5"]
[EventCountry "CAN"]
[SourceTitle "hb 2018"]

1. e4 c5 2. Nf3 Nc6 3. d4 cxd4 4. Nxd4 g6 5. c4 Bg7 6. Be3 Nf6 7. Nc3 O-O 8. Be2 d6 9. f3 Bd7 10. O-O Nxd4 11. Bxd4 Bc6 12. b4 b6 13. Qd2 Nd7 14. Be3 a5 15. a3 axb4 16. axb4 Qc7 17. Rac1 Qa7 18. Nd5 Bxd5 19. cxd5 Rfc8 20. Bb5 Rxc1 21. Rxc1 Rb8 22. Qc2 Qa3 23. Kf2 Ne5 24. Qc8+ Rxc8 25. Rxc8+ Bf8 26. Bh6 Ng4+ 27. fxg4 Qb2+ 28. Kg3 Qe5+ 29. Kh3 1-0

[Event "Ontario-ch U20"]
[Site "Mississauga CAN"]
[Date "2018.01.27"]
[Round "3"]
[White "Hay, Jonathan"]
[Black "Vettese, Nicholas"]
[Result "0-1"]
[WhiteElo "1944"]
[BlackElo "2295"]
[PlyCount "68"]
[GameId "2160767908266762"]
[EventDate "2018.01.27"]
[EventType "swiss"]
[EventRounds "5"]
[EventCountry "CAN"]
[SourceTitle "EXT 2022"]
[Source "ChessBase"]
[SourceDate "2021.10.06"]
[SourceVersion "1"]
[SourceVersionDate "2021.10.06"]
[SourceQuality "1"]

1. d4 Nf6 2. Bf4 g6 3. Nc3 d5 4. e3 Bg7 5. h4 c6 6. Be2 h5 7. Nf3 Qa5 8. Qd2 Bf5 9. O-O Nbd7 10. Bd3 Bxd3 11. cxd3 Qb6 12. Ne5 O-O 13. Rab1 a5 14. b3 e6 15. Rfc1 Qa6 16. a3 Rfc8 17. Na4 Nxe5 18. Bxe5 Nd7 19. Bxg7 Kxg7 20. Nc5 Nxc5 21. dxc5 e5 22. g3 Re8 23. Qc3 Rad8 24. d4 e4 25. Rc2 g5 26. hxg5 h4 27. Kg2 Rh8 28. Rh1 hxg3 29. Rxh8 Rxh8 30. fxg3 Qa8 31. Kg1 Rh3 32. Rg2 Qh8 33. Kf2 Rh1 34. Qd2 Qh3 0-1

[Event "Ontario-ch U20"]
[Site "Mississauga CAN"]
[Date "2018.01.28"]
[Round "4"]
[White "Vettese, Nicholas"]
[Black "Wang, Constance"]
[Result "1-0"]
[WhiteElo "2295"]
[BlackElo "2071"]
[PlyCount "65"]
[GameId "2160767908266769"]
[EventDate "2018.01.27"]
[EventType "swiss"]
[EventRounds "5"]
[EventCountry "CAN"]
[SourceTitle "EXT 2022"]
[Source "ChessBase"]
[SourceDate "2021.10.06"]
[SourceVersion "1"]
[SourceVersionDate "2021.10.06"]
[SourceQuality "1"]

1. e4 c5 2. Nf3 d6 3. d4 cxd4 4. Nxd4 Nf6 5. Nc3 a6 6. Nb3 g6 7. Be2 Bg7 8. g4 Nc6 9. Be3 h6 10. h4 Ne5 11. Rg1 b5 12. g5 hxg5 13. hxg5 Nfd7 14. Bd4 Kf8 15. f4 Nc6 16. Bxg7+ Kxg7 17. Qd2 Nc5 18. Nd4 Nxd4 19. Qxd4+ Kg8 20. O-O-O Ne6 21. Qf2 Ng7 22. Rh1 Rxh1 23. Rxh1 f5 24. gxf6 exf6 25. Qg2 Kf7 26. Rh6 g5 27. e5 Be6 28. Rxf6+ Kg8 29. Bf3 Rc8 30. Bd5 Qd7 31. Bxe6+ Nxe6 32. Qd5 gxf4 33. Rxe6 1-0

[Event "Ontario-ch U20"]
[Site "Mississauga CAN"]
[Date "2018.01.28"]
[Round "5"]
[White "Papneja, Arul"]
[Black "Vettese, Nicholas"]
[Result "0-1"]
[WhiteElo "1920"]
[BlackElo "2295"]
[PlyCount "68"]
[GameId "2160767908266774"]
[EventDate "2018.01.27"]
[EventType "swiss"]
[EventRounds "5"]
[EventCountry "CAN"]
[SourceTitle "EXT 2022"]
[Source "ChessBase"]
[SourceDate "2021.10.06"]
[SourceVersion "1"]
[SourceVersionDate "2021.10.06"]
[SourceQuality "1"]

1. e4 c5 2. Nf3 d6 3. d4 cxd4 4. Nxd4 Nf6 5. f3 e5 6. Nb3 Nc6 7. c4 Be7 8. Be3 Be6 9. Be2 O-O 10. O-O a5 11. Na3 a4 12. Nd2 Nd4 13. Bxd4 exd4 14. Nb5 Ne8 15. Kh1 Bf6 16. Bd3 Nc7 17. Nxc7 Qxc7 18. Rc1 Qa5 19. Nb1 Rfc8 20. Na3 Rc6 21. Qe2 Rac8 22. Rc2 Qh5 23. Qf2 g5 24. g3 Kh8 25. Rfc1 Rb6 26. Nb5 Kg8 27. f4 gxf4 28. gxf4 Kf8 29. Be2 Bg4 30. Bxg4 Qxg4 31. Nxd4 Bxd4 32. Qxd4 Qf3+ 33. Kg1 Ke7 34. Qxb6 Rg8+ 0-1

[Event "Varennes int."]
[Site "Varennes CAN"]
[Date "2017.10.07"]
[Round "2.15"]
[White "Vettese, Nicholas"]
[Black "Marin, Sam"]
[Result "1-0"]
[WhiteElo "2155"]
[BlackElo "1947"]
[PlyCount "105"]
[GameId "2160767908330113"]
[EventDate "2017.10.06"]
[EventType "swiss"]
[EventRounds "5"]
[EventCountry "CAN"]
[SourceTitle "hb 2017"]

1. e4 e5 2. Nf3 Nc6 3. d4 exd4 4. Nxd4 Nf6 5. Nxc6 bxc6 6. Qe2 Qe7 7. Nc3 Qe6 8. Bd2 Bb4 9. a3 Bxc3 10. Bxc3 Nxe4 11. Bxg7 Rg8 12. Bd4 c5 13. Be3 d6 14. Qb5+ Bd7 15. Qb7 Ke7 16. Bd3 f5 17. O-O a5 18. Rfe1 Rgb8 19. Bg5+ Kf7 20. Qxc7 Rc8 21. Qb7 Rcb8 22. Bxe4 fxe4 23. Qxe4 Qxe4 24. Rxe4 Bf5 25. Re7+ Kg6 26. Bc1 Bxc2 27. Re6+ Kf5 28. Rxd6 Rd8 29. Rxd8 Rxd8 30. Be3 c4 31. f3 a4 32. Rc1 Rd1+ 33. Rxd1 Bxd1 34. Bd2 h5 35. Kf2 Bc2 36. g3 Bb3 37. h3 Bd1 38. Bc3 Bc2 39. Ba5 Bd1 40. Bc7 Kg6 41. g4 hxg4 42. hxg4 Bc2 43. f4 Kf6 44. f5 Kg5 45. Kg3 Bd1 46. Bd8+ Kh6 47. Kf4 Kg7 48. g5 Bc2 49. g6 Kh6 50. Be7 c3 51. bxc3 Kg7 52. Kg5 Bb3 53. f6+ 1-0

[Event "Varennes int."]
[Site "Varennes CAN"]
[Date "2017.10.07"]
[Round "3.9"]
[White "Chiku-Ratte, Olivier-Kenta"]
[Black "Vettese, Nicholas"]
[Result "1/2-1/2"]
[WhiteElo "2317"]
[BlackElo "2155"]
[PlyCount "115"]
[GameId "2160767908330136"]
[EventDate "2017.10.06"]
[EventType "swiss"]
[EventRounds "5"]
[EventCountry "CAN"]

1. d4 Nf6 2. c4 g6 3. Nc3 d5 4. Nf3 Bg7 5. h4 e6 6. Bg5 h6 7. Bxf6 Bxf6 8. e3 O-O 9. Bd3 dxc4 10. Bxc4 c5 11. Qd2 cxd4 12. exd4 Nc6 13. Qxh6 Bg7 14. Qe3 Bxd4 15. Nxd4 Qxd4 16. Qxd4 Nxd4 17. O-O-O Nc6 18. h5 gxh5 19. Rxh5 Rd8 20. Rdh1 Kf8 21. R1h4 b6 22. Rh7 Ne5 23. Re4 Ng6 24. g3 Kg8 25. Rh5 Bb7 26. Re3 Kg7 27. Bd3 Rh8 28. Rg5 Kf6 29. f4 Rhg8 30. Kc2 Rac8 31. b4 Ne7 32. Rxg8 Nxg8 33. Kb3 Ne7 34. g4 Nd5 35. Nxd5+ Bxd5+ 36. Kb2 Rh8 37. g5+ Ke7 38. f5 Rh2+ 39. Bc2 Rg2 40. g6 fxg6 41. fxg6 Kf6 42. Kc3 Rf2 43. Kb2 Bxa2 44. Ra3 Bd5 45. Rxa7 e5 46. Kc3 Rf3+ 47. Kd2 Rf2+ 48. Kd1 Rf4 49. b5 Rb4 50. g7 Rg4 51. Rd7 Bf3+ 52. Kd2 Rxg7 53. Rd6+ Ke7 54. Rxb6 Kd7 55. Ke3 Rg3 56. Kf2 Rg2+ 57. Kxf3 Rxc2 58. Ke4 1/2-1/2

[Event "Varennes int."]
[Site "Varennes CAN"]
[Date "2017.10.08"]
[Round "4"]
[White "Vettese, Nicholas"]
[Black "Vera, Reynaldo"]
[Result "1-0"]
[WhiteElo "2155"]
[BlackElo "2446"]
[PlyCount "49"]
[GameId "2160767908330158"]
[EventDate "2017.10.06"]
[EventType "swiss"]
[EventRounds "5"]
[EventCountry "CAN"]
[SourceTitle "CBM 181 Extra"]
[Source "ChessBase"]
[SourceDate "2017.12.12"]
[SourceVersion "1"]
[SourceVersionDate "2017.12.12"]
[SourceQuality "1"]

1. e4 c5 2. Nf3 d6 3. d4 cxd4 4. Nxd4 Nf6 5. Nc3 a6 6. Nb3 e6 7. g4 h6 8. h4 Nc6 9. Bg2 Nd7 10. Qe2 Be7 11. Bf4 Qc7 12. O-O-O b5 13. g5 hxg5 14. hxg5 Rxh1 15. Rxh1 g6 16. Rh8+ Bf8 17. e5 dxe5 18. Bxc6 Qxc6 19. Bxe5 Qg2 20. Ne4 Nxe5 21. Nf6+ Ke7 22. Qxe5 Qf1+ 23. Kd2 Qxf2+ 24. Kc3 Bb7 25. Qc7# 1-0

[Event "Varennes int."]
[Site "Varennes CAN"]
[Date "2017.10.08"]
[Round "5.5"]
[White "Thavandiran, Shiyam"]
[Black "Vettese, Nicholas"]
[Result "1/2-1/2"]
[WhiteElo "2385"]
[BlackElo "2155"]
[PlyCount "52"]
[GameId "2160767908330187"]
[EventDate "2017.10.06"]
[EventType "swiss"]
[EventRounds "5"]
[EventCountry "CAN"]

1. e4 c5 2. Nf3 d6 3. d4 cxd4 4. Nxd4 Nf6 5. Nc3 a6 6. a4 e5 7. Nf3 h6 8. Nd2 d5 9. exd5 Nxd5 10. Bc4 Nxc3 11. bxc3 Be7 12. Qh5 O-O 13. Ne4 Qc7 14. Bd5 Qd7 15. Qxe5 Rd8 16. O-O Qxd5 17. Qxe7 Nc6 18. Qh4 Bf5 19. f3 Bxe4 20. fxe4 Qc5+ 21. Qf2 Qxf2+ 22. Kxf2 Rac8 23. Be3 Re8 24. Rab1 Rxe4 25. Rxb7 Rxa4 26. Ke2 f6 1/2-1/2

[Event "CAN-ch U20"]
[Site "Mississauga CAN"]
[Date "2017.08.09"]
[Round "1.5"]
[White "Xu, Daniel"]
[Black "Vettese, Nicholas"]
[Result "0-1"]
[WhiteElo "1895"]
[BlackElo "2249"]
[PlyCount "130"]
[GameId "2160767908347407"]
[EventDate "2017.08.09"]
[EventType "swiss"]
[EventRounds "7"]
[EventCountry "CAN"]
[SourceTitle "hb 2017"]

1. d4 Nf6 2. Nf3 g6 3. b3 Bg7 4. Bb2 d5 5. e3 O-O 6. Be2 c5 7. O-O cxd4 8. Nxd4 Re8 9. c4 e5 10. Nf3 Nc6 11. Na3 a6 12. cxd5 Nxd5 13. Bc4 Be6 14. Qd2 b5 15. Bxd5 Qxd5 16. Qe2 e4 17. Ne1 Ne5 18. h3 Red8 19. Bxe5 Qxe5 20. Nec2 Qg5 21. Rad1 Bxh3 22. f4 exf3 23. Qxf3 Be6 24. Qf4 Qxf4 25. exf4 Bg4 26. Rxd8+ Rxd8 27. Re1 Rd1 28. Rxd1 Bxd1 29. Kf2 Bf8 30. Ke1 Bxc2 31. Nxc2 Bc5 32. Ke2 Kf8 33. a4 bxa4 34. bxa4 Ke7 35. Kd3 f6 36. Kc4 Kd6 37. Ne1 Kc6 38. Nd3 Bd6 39. Kd4 h5 40. Ke4 Bc5 41. Nb2 Kd6 42. Nc4+ Ke6 43. Nd2 f5+ 44. Kd3 Kd5 45. Nc4 Bd6 46. Nxd6 Kxd6 47. Kd4 h4 48. Kc4 Ke6 49. Kd4 Kf6 50. Ke3 g5 51. fxg5+ Kxg5 52. a5 Kg4 53. Kf2 Kf4 54. Ke2 Kg3 55. Kf1 h3 56. gxh3 Kxh3 57. Kf2 Kg4 58. Kg2 Kf4 59. Kf2 Ke4 60. Ke2 Kd4 61. Kf3 Kc4 62. Kf4 Kb5 63. Kxf5 Kxa5 64. Ke4 Kb4 65. Kd3 Kb3 0-1

[Event "CAN-ch U20"]
[Site "Mississauga CAN"]
[Date "2017.08.10"]
[Round "2.5"]
[White "Vettese, Nicholas"]
[Black "Maulucci, Anthony"]
[Result "1-0"]
[WhiteElo "2249"]
[BlackElo "2087"]
[PlyCount "111"]
[GameId "2160767908347424"]
[EventDate "2017.08.09"]
[EventType "swiss"]
[EventRounds "7"]
[EventCountry "CAN"]
[SourceTitle "hb 2017"]

1. e4 e6 2. d4 d5 3. Nc3 Nf6 4. Bg5 dxe4 5. Nxe4 Be7 6. Bxf6 Bxf6 7. Nf3 O-O 8. Qd2 Nd7 9. O-O-O b6 10. Nxf6+ Nxf6 11. Ne5 Bb7 12. f4 Qe7 13. Qe3 Rac8 14. Nd3 Nd5 15. Qf2 c5 16. dxc5 bxc5 17. Ne5 Nb6 18. c4 f6 19. Ng4 Rfd8 20. Be2 e5 21. fxe5 fxe5 22. Rxd8+ Rxd8 23. Rf1 h6 24. Qf5 Bc8 25. Qg6 Bxg4 26. Qxg4 Rd4 27. Qg3 e4 28. b3 Nd7 29. Rf5 Qe6 30. Bg4 Qa6 31. Rf2 Qd6 32. Qxd6 Rxd6 33. Rd2 Rxd2 34. Kxd2 Nf6 35. Bf5 Kf7 36. Ke3 g6 37. Bxe4 Ng4+ 38. Kf4 Nxh2 39. Bd3 h5 40. Be2 Kf6 41. Kg3 Ng4 42. Bxg4 hxg4 43. Kxg4 g5 44. Kh3 Kf5 45. g3 a6 46. a3 a5 47. a4 g4+ 48. Kh4 Ke4 49. Kxg4 Kd4 50. Kf3 Kc3 51. Ke3 Kxb3 52. Kd3 Kxa4 53. Kc3 Ka3 54. g4 Ka2 55. g5 a4 56. g6 1-0

[Event "CAN-ch U20"]
[Site "Mississauga CAN"]
[Date "2017.08.10"]
[Round "3.2"]
[White "Hua, Eugene"]
[Black "Vettese, Nicholas"]
[Result "0-1"]
[WhiteElo "2329"]
[BlackElo "2249"]
[PlyCount "100"]
[GameId "2160767908347438"]
[EventDate "2017.08.09"]
[EventType "swiss"]
[EventRounds "7"]
[EventCountry "CAN"]
[SourceTitle "hb 2017"]

1. e4 c5 2. Nf3 d6 3. d4 cxd4 4. Qxd4 Nc6 5. Bb5 Bd7 6. Bxc6 bxc6 7. O-O e5 8. Qd3 Nf6 9. c4 Be7 10. Nc3 Qc7 11. h3 O-O 12. b3 Be6 13. Bb2 Nh5 14. Ne2 f5 15. exf5 Bxf5 16. Qe3 Be6 17. c5 Bd5 18. cxd6 Bxd6 19. Nxe5 Rae8 20. f4 g5 21. Ng4 Ng7 22. Qd3 Qe7 23. Ng3 gxf4 24. Nh6+ Kh8 25. Ngf5 Bc5+ 26. Kh2 Rxf5 27. Nxf5 Qe2 28. Bxg7+ Kg8 29. Rf3 Qxd3 30. Rxd3 Re2 31. Rxd5 cxd5 32. Rc1 Bb6 33. Rc8+ Kf7 34. Rf8+ Kg6 35. Rf6+ Kg5 36. h4+ Kg4 37. Nh6+ Kxh4 38. Rf5 Bd8 39. Nf7 Kg4 40. Rxd5 Be7 41. Nh6+ Kh4 42. Nf5+ Kg4 43. Nd4 Rd2 44. Ra5 Bh4 45. Nf3 Bg3+ 46. Kh1 Rd1+ 47. Ng1 Bf2 48. Bf6 h6 49. Ra4 Bxg1 50. g3 Kh3 0-1

[Event "CAN-ch U20"]
[Site "Mississauga CAN"]
[Date "2017.08.11"]
[Round "4"]
[White "Vettese, Nicholas"]
[Black "Song, Guannan Terry"]
[Result "0-1"]
[WhiteElo "2102"]
[BlackElo "2174"]
[PlyCount "160"]
[GameId "2160767908347453"]
[EventDate "2017.08.09"]
[EventType "swiss"]
[EventRounds "7"]
[EventCountry "CAN"]
[SourceTitle "CBM 180 Extra"]
[Source "ChessBase"]
[SourceDate "2017.10.06"]
[SourceVersion "1"]
[SourceVersionDate "2017.10.06"]
[SourceQuality "1"]

1. e4 c5 2. Nf3 d6 3. d4 cxd4 4. Nxd4 Nf6 5. Nc3 a6 6. Be2 e5 7. Nf3 Be7 8. Bg5 Be6 9. Bxf6 Bxf6 10. Nd2 b5 11. Nf1 Nc6 12. Ne3 Nd4 13. Ncd5 Bg5 14. c3 Bxe3 15. Nxe3 Nxe2 16. Qxe2 O-O 17. O-O Qc7 18. Rfd1 Rac8 19. Nd5 Qb7 20. a4 Rc5 21. b4 Rc4 22. axb5 axb5 23. Qe3 Bxd5 24. Rxd5 Qc6 25. Qd3 Rxc3 26. Qxb5 Rc1+ 27. Rxc1 Qxc1+ 28. Qf1 Qb2 29. b5 Qb4 30. f3 Rb8 31. h3 h6 32. Qd3 h5 33. Kf2 h4 34. Kg1 Qe1+ 35. Qf1 Qb4 36. Kh2 g6 37. Qe2 Kh7 38. Qd1 Rb6 39. Rd3 Kg7 40. Rb3 Qc5 41. Qd3 Qc1 42. Rb1 Qc5 43. Qb3 Kf6 44. Qd3 Kg7 45. Qe2 Kg8 46. Qd2 Kg7 47. Rb2 Qd4 48. Qxd4 exd4 49. Kg1 Kf6 50. Kf2 Ke5 51. Ke2 d5 52. exd5 Kxd5 53. Kd3 g5 54. f4 gxf4 55. Rb4 Kc5 56. Rb2 f5 57. Rb1 Rg6 58. Rc1+ Kd5 59. Rf1 Rg3+ 60. Rf3 Kc5 61. b6 Rxg2 62. b7 Rb2 63. Rxf4 Rb3+ 64. Kc2 Rxb7 65. Rxf5+ Kc4 66. Rf4 Rg7 67. Rxh4 Rg2+ 68. Kd1 Kd3 69. Rg4 Rd2+ 70. Ke1 Rh2 71. h4 Kc3 72. Rg8 Rh1+ 73. Ke2 d3+ 74. Ke3 Rh3+ 75. Kf2 Rxh4 76. Ke3 Rh3+ 77. Ke4 d2 78. Rc8+ Kb2 79. Rb8+ Kc2 80. Rc8+ Rc3 0-1

[Event "CAN-ch U20"]
[Site "Mississauga CAN"]
[Date "2017.08.11"]
[Round "5.2"]
[White "Liang, Hairan"]
[Black "Vettese, Nicholas"]
[Result "1-0"]
[WhiteElo "2231"]
[BlackElo "2249"]
[PlyCount "57"]
[GameId "2160767908347472"]
[EventDate "2017.08.09"]
[EventType "swiss"]
[EventRounds "7"]
[EventCountry "CAN"]
[SourceTitle "hb 2017"]

1. e4 c5 2. Nf3 d6 3. Bb5+ Bd7 4. Bxd7+ Qxd7 5. c4 Nc6 6. Nc3 g6 7. d4 cxd4 8. Nxd4 Nf6 9. f3 Bg7 10. Be3 O-O 11. O-O Rac8 12. b3 Rfd8 13. Rc1 Ne8 14. Kh1 Nc7 15. Nxc6 bxc6 16. Qd2 Ne6 17. Ne2 Ra8 18. b4 c5 19. Rfd1 Qa4 20. Rb1 cxb4 21. Rxb4 Qc6 22. Qd5 Qa6 23. a4 Rdb8 24. Rdb1 Qc8 25. Rxb8 Rxb8 26. Rxb8 Qxb8 27. Qb5 Qxb5 28. cxb5 Nc5 29. a5 1-0

[Event "CAN-ch U20"]
[Site "Mississauga CAN"]
[Date "2017.08.12"]
[Round "6.5"]
[White "Vettese, Nicholas"]
[Black "Kang, Dorian"]
[Result "1-0"]
[WhiteElo "2249"]
[BlackElo "1976"]
[PlyCount "123"]
[GameId "2160767908347491"]
[EventDate "2017.08.09"]
[EventType "swiss"]
[EventRounds "7"]
[EventCountry "CAN"]
[SourceTitle "hb 2017"]

1. e4 c5 2. Nf3 Nc6 3. d4 cxd4 4. Nxd4 Nf6 5. Nc3 e5 6. Ndb5 d6 7. Bg5 a6 8. Na3 b5 9. Nd5 Be7 10. Bxf6 Bxf6 11. c4 b4 12. Nc2 a5 13. g3 Bg5 14. h4 Bh6 15. Bh3 Be6 16. Kf1 O-O 17. Kg2 Rb8 18. b3 Qd7 19. Qh5 Bxh3+ 20. Rxh3 f5 21. exf5 Rxf5 22. Qe2 Rbf8 23. Rf1 Rf3 24. Rh2 Qg4 25. Kg1 Nd4 26. Nxd4 Qxd4 27. Rd1 Qa7 28. Rg2 e4 29. Re1 Qf7 30. g4 g6 31. g5 Bg7 32. Qxe4 Kh8 33. Re2 Be5 34. Qg4 Qf5 35. Qxf5 R8xf5 36. Re3 Kg7 37. Kf1 Rxe3 38. Nxe3 Rf4 39. Rg4 h5 40. Rxf4 Bxf4 41. Nd5 Be5 42. Ke2 Kf7 43. Ke3 Kg7 44. Ke4 Kf7 45. Nf4 Bc3 46. Kd5 Bd2 47. Nd3 Ke7 48. c5 dxc5 49. Ne5 Be1 50. f4 Ke8 51. Nxg6 Bf2 52. f5 Kd8 53. f6 Ke8 54. Ke6 c4 55. f7+ Kd8 56. f8=Q+ Kc7 57. Qxf2 c3 58. Qa7+ Kc6 59. Ne5+ Kb5 60. Qc7 a4 61. Qc6+ Ka5 62. Nc4# 1-0

[Event "CAN-ch U20"]
[Site "Mississauga CAN"]
[Date "2017.08.12"]
[Round "7.3"]
[White "Vettese, Nicholas"]
[Black "Chen, Richard"]
[Result "1/2-1/2"]
[WhiteElo "2249"]
[BlackElo "2324"]
[PlyCount "105"]
[GameId "2160767908347506"]
[EventDate "2017.08.09"]
[EventType "swiss"]
[EventRounds "7"]
[EventCountry "CAN"]
[SourceTitle "hb 2017"]

1. e4 c5 2. Nf3 e6 3. d4 cxd4 4. Nxd4 Nc6 5. g3 a6 6. Bg2 Qc7 7. c4 Nf6 8. O-O h5 9. Nc3 h4 10. Nxc6 dxc6 11. Be3 hxg3 12. hxg3 e5 13. f3 Be6 14. Qe2 b5 15. cxb5 cxb5 16. Rfd1 Qb7 17. a4 b4 18. Nd5 Bxd5 19. exd5 Bd6 20. f4 Qe7 21. Re1 O-O 22. Bd4 exd4 23. Qxe7 Bxe7 24. Rxe7 Rad8 25. Re5 Ng4 26. Re7 Ne3 27. Ra7 Nxg2 28. Kxg2 Rxd5 29. Rxa6 Re8 30. Rc6 d3 31. Rcc1 Re2+ 32. Kf3 Rxb2 33. a5 d2 34. Rd1 b3 35. a6 Ra2 36. a7 Rda5 37. Rab1 Rxa7 38. Rxb3 R7a3 39. Rxa3 Rxa3+ 40. Kf2 Rd3 41. g4 f6 42. Ke2 Rg3 43. Rxd2 Rxg4 44. Kf3 Rh4 45. Rd5 Kh7 46. Rf5 Kg6 47. Rc5 Rh1 48. Kg2 Ra1 49. Kf3 Ra3+ 50. Kg4 Ra4 51. Rb5 Kh6 52. Rh5+ Kg6 53. Rb5 1/2-1/2

[Event "CAN-ch U20"]
[Site "Mississauga CAN"]
[Date "2017.08.13"]
[Round "8.4"]
[White "Zhang, Henry"]
[Black "Vettese, Nicholas"]
[Result "0-1"]
[WhiteElo "2205"]
[BlackElo "2249"]
[PlyCount "124"]
[GameId "2160767908347522"]
[EventDate "2017.08.09"]
[EventType "swiss"]
[EventRounds "7"]
[EventCountry "CAN"]
[SourceTitle "hb 2017"]

1. e4 c5 2. Nf3 d6 3. d4 cxd4 4. Qxd4 Nc6 5. Bb5 Bd7 6. Bxc6 bxc6 7. O-O e5 8. Qd3 Nf6 9. Rd1 h6 10. Nbd2 Be6 11. Nc4 Bxc4 12. Qxc4 Qc8 13. b3 Be7 14. Ba3 Qc7 15. Qe2 O-O 16. c4 Rfe8 17. Rac1 Bf8 18. Rd2 a5 19. Rcd1 c5 20. Ne1 a4 21. Nc2 axb3 22. axb3 Qb7 23. b4 Qxe4 24. bxc5 dxc5 25. Qxe4 Nxe4 26. Rd7 Ra4 27. f3 Nf6 28. Rd8 Rxc4 29. Rxe8 Nxe8 30. Rd8 Nc7 31. Rd2 Nb5 32. Bb2 Nd4 33. Ne3 Ra4 34. Kf2 f6 35. Nd5 Kf7 36. Nb6 Rb4 37. Nd5 Rb7 38. Ne3 Ke6 39. Ba3 Ra7 40. Bb2 Ra4 41. Bc3 Ra3 42. Bb2 Ra2 43. Nd1 Bd6 44. Nc3 Ra7 45. Rd1 f5 46. Nb1 Nb5 47. Nd2 Ra2 48. Nc4 Bc7 49. Kf1 Nd6 50. Nxd6 Bxd6 51. Bc3 Rc2 52. Ba5 c4 53. Bb6 c3 54. h3 Rb2 55. Be3 f4 56. Bc1 Rc2 57. Kg1 Bc5+ 58. Kh1 Be3 59. Bxe3 fxe3 60. Re1 Rd2 61. Kg1 c2 62. Kf1 Rd1 0-1

[Event "CAN-ch U20"]
[Site "Mississauga CAN"]
[Date "2017.08.13"]
[Round "9.4"]
[White "Vettese, Nicholas"]
[Black "Li, William"]
[Result "1-0"]
[WhiteElo "2249"]
[BlackElo "2142"]
[PlyCount "109"]
[GameId "2160767908347537"]
[EventDate "2017.08.09"]
[EventType "swiss"]
[EventRounds "7"]
[EventCountry "CAN"]
[SourceTitle "hb 2017"]

1. e4 g6 2. d4 Nf6 3. e5 Nh5 4. Be2 d6 5. f4 Ng7 6. Nf3 h5 7. Na3 Nf5 8. Nc4 d5 9. Ne3 Nxe3 10. Bxe3 Bg4 11. Qd2 e6 12. O-O Be7 13. b3 O-O 14. Ng5 Bxe2 15. Qxe2 Kg7 16. h3 Nd7 17. g4 Bxg5 18. fxg5 hxg4 19. hxg4 Qe7 20. Kg2 Rh8 21. Rh1 Rxh1 22. Rxh1 Rh8 23. Rh6 c6 24. Qe1 Qa3 25. Qf2 Rg8 26. c3 Qa6 27. Qc2 b5 28. Bc1 c5 29. Qe2 cxd4 30. cxd4 Rc8 31. Rh1 Qb6 32. Be3 a6 33. Qf2 Qc7 34. Rc1 Qb8 35. Rf1 Rf8 36. a3 Qe8 37. Rh1 Rh8 38. Rh6 Qf8 39. Qh4 Rxh6 40. gxh6+ Kh7 41. Qf2 Qe7 42. g5 Kg8 43. Bd2 Nf8 44. Bc1 Nh7 45. Qd2 Qc7 46. Kf3 a5 47. Bb2 Qd8 48. Kg4 Qc7 49. Qc3 Qxc3 50. Bxc3 a4 51. bxa4 bxa4 52. Bb4 f5+ 53. exf6 Kf7 54. Bd2 Nf8 55. Kf4 1-0

[Event "CYCC U14"]
[Site "Sault Ste Marie CAN"]
[Date "2017.07.06"]
[Round "1.32"]
[White "Yang, Brian"]
[Black "Vettese, Nicholas"]
[Result "0-1"]
[WhiteElo "1194"]
[BlackElo "2234"]
[PlyCount "62"]
[GameId "2160767908410469"]
[EventDate "2017.07.06"]
[EventType "swiss"]
[EventRounds "7"]
[EventCountry "CAN"]
[SourceTitle "EXT 2022"]
[Source "ChessBase"]
[SourceDate "2021.10.06"]
[SourceVersion "1"]
[SourceVersionDate "2021.10.06"]
[SourceQuality "1"]

1. e4 c5 2. d3 Nc6 3. Nf3 g6 4. Nbd2 Bg7 5. g3 e6 6. Bg2 d5 7. O-O Nge7 8. Re1 O-O 9. Qe2 f5 10. e5 b6 11. Nf1 h6 12. h4 d4 13. Bf4 Nd5 14. Bd2 Bb7 15. c4 dxc3 16. bxc3 Ba6 17. c4 Ndb4 18. Bxb4 Nxb4 19. Ne3 Qxd3 20. Qb2 Qd8 21. Rad1 Qe7 22. a3 Nc6 23. Rd6 Qxd6 24. Qb5 Bxb5 25. exd6 Ba4 26. Nd1 Bxd1 27. Rxd1 Rad8 28. d7 Rf7 29. Ng5 Rfxd7 30. Rxd7 Rxd7 31. Bxc6 Rd1+ 0-1

[Event "CYCC U14"]
[Site "Sault Ste Marie CAN"]
[Date "2017.07.06"]
[Round "2.33"]
[White "Vettese, Nicholas"]
[Black "Lehingrat, Callum"]
[Result "1-0"]
[WhiteElo "2234"]
[BlackElo "1794"]
[PlyCount "61"]
[GameId "2160767908410489"]
[EventDate "2017.07.06"]
[EventType "swiss"]
[EventRounds "7"]
[EventCountry "CAN"]
[SourceTitle "EXT 2022"]
[Source "ChessBase"]
[SourceDate "2021.10.06"]
[SourceVersion "1"]
[SourceVersionDate "2021.10.06"]
[SourceQuality "1"]

1. e4 c5 2. Nf3 d6 3. d4 cxd4 4. Nxd4 Nf6 5. Nc3 a6 6. Nb3 e6 7. g4 Nfd7 8. Be3 b5 9. a3 Bb7 10. Qd2 Be7 11. O-O-O Nc6 12. f4 b4 13. axb4 Nxb4 14. g5 Rc8 15. Qd4 d5 16. Qxg7 Rf8 17. Qxh7 Qc7 18. Rd2 Nc5 19. Bxc5 Bxc5 20. Nxc5 Qxc5 21. g6 d4 22. gxf7+ Ke7 23. Qh4+ Kxf7 24. Qh7+ Ke8 25. Qg6+ Rf7 26. Qxe6+ Kf8 27. Qh6+ Ke7 28. Qh4+ Rf6 29. e5 Bxh1 30. Qxf6+ Ke8 31. e6 1-0

[Event "CYCC U14"]
[Site "Sault Ste Marie CAN"]
[Date "2017.07.07"]
[Round "3.33"]
[White "Mirabelli, Aidan"]
[Black "Vettese, Nicholas"]
[Result "0-1"]
[WhiteElo "1453"]
[BlackElo "2234"]
[PlyCount "72"]
[GameId "2160767908410508"]
[EventDate "2017.07.06"]
[EventType "swiss"]
[EventRounds "7"]
[EventCountry "CAN"]
[SourceTitle "hb 2017"]

1. e4 c5 2. Nf3 d6 3. d4 cxd4 4. Nxd4 Nf6 5. Nc3 a6 6. Be3 Nbd7 7. Be2 e6 8. O-O Qc7 9. Qd2 b5 10. Bd3 Bb7 11. f3 Ne5 12. Rac1 Be7 13. b3 O-O 14. Nce2 d5 15. Ng3 dxe4 16. fxe4 Neg4 17. Bg5 Qb6 18. Be2 Bc5 19. c3 b4 20. Qd1 bxc3 21. Bxg4 Bxd4+ 22. Kh1 Nxe4 23. Nxe4 Bxe4 24. Bf3 Bxf3 25. Qxf3 f6 26. Bh4 Rac8 27. Qd3 Rfd8 28. Qe2 Be3 29. Qg4 Rd4 30. Qg3 Rxh4 31. Qxh4 Bxc1 32. Rxc1 Qe3 33. Qe1 Qxe1+ 34. Rxe1 c2 35. Rc1 Rd8 36. h3 Rd1+ 0-1